00845nam a2200205 a 4500008004100000050001700041100002000058245008200078260004000160300000900200350000900209490004600218650005100264650001100315650005100326710001500377995010300392999001700495952012700512080923s2007 ||||||||||||||||| || u aIBRD(08)PRWP aShalizi, Zmarak10aEnergy and emissions: local and global effects of the rise of China and India aWashington, D.C.:bWorld Bankc2007 a52p. a0.00 aWorld Bank policy research working papers aFORCE AND ENERGY--CHINA--ENVIRONMENTAL ASPECTS aENERGY aFORCE AND ENERGY--INDIA--ENVIRONMENTAL ASPECTS aWorld Bank D0.00FCBU-MAIN LIBRARY (Kitwe)H1I0.00M4209UAVAILABLEWSep 23, 2008ZInternational Publications c41851d41851 00102lcc4070a001b001cInternational Publicationsd2022-11-30l0oIBRD(08)PRWPpZ03002858r2022-11-30w2022-11-30y002